Ballon d'or winner without Messi or Ronaldo - Statistics

General Stats
  • This quiz has been taken 301 times
    185 since last reset
  • The average score is 41 of 48
Answer Stats
2007 Answer % Correct
PSG, France Kylian Mbappé
95%
PSG, France Kylian Mbappé
95%
Santos/Barcelona, Brazil Neymar Jr
95%
Barcelona, Brazil Neymar Jr
95%
Barcelona, Brazil Neymar Jr
95%
PSG, Brazil Neymar Jr
95%
Real Madrid, Croatia Luka Modrić
94%
Real Madrid, Croatia Luka Modrić
94%
Barcelona, Spain Andrés Iniesta
93%
Barcelona, Spain Andrés Iniesta
93%
Barcelona, Spain Andrés Iniesta
93%
Barcelona, Spain Andrés Iniesta
93%
Manchester City, Belgium Kevin De Bruyne
92%
Manchester City, Belgium Kevin De Bruyne
92%
Bayern Munich, Poland Robert Lewandowski
92%
Bayern Munich, Poland Robert Lewandowski
92%
Chelsea, Ivory Coast Didier Drogba
91%
Manchester City, Norway Erling Haaland
91%
Barcelona, Spain Xavi Hernández
91%
Barcelona, Spain Xavi Hernández
91%
Barcelona, Spain Xavi Hernández
91%
Barcelona, Spain Xavi Hernández
91%
Barcelona, Spain Xavi Hernández
91%
AC Milan, Brazil Kaká
89%
Barcelona, Uruguay Luis Suárez
89%
Barcelona, Uruguay Luis Suárez
89%
Atletico Madrid, France Antoine Griezmann
88%
Atletico Madrid, France Antoine Griezmann
88%
Real Madrid, France Karim Benzema
88%
Real Madrid, France Karim Benzema
88%
Liverpool, Egypt Mohamed Salah
88%
PSG, Sweden Zlatan Ibrahimović
88%
Liverpool, Senegal Sadio Mané
87%
Liverpool, Senegal Sadio Mané
87%
Liverpool, Netherlands Virgil Van Dijk
86%
Barcelona/Inter Milan, Cameroon Samuel Eto'o
83%
Liverpool, Spain Fernando Torres
81%
Bayern Munich, Netherlands Arjen Robben
80%
Bayern Munich, France Franck Ribéry
79%
Bayern Munich, Germany Manuel Neuer
79%
Bayern Munich, Germany Thomas Müller
78%
Manchester United, England Wayne Rooney
77%
Chelsea, Italy Jorginho
73%
Inter Milan, Netherlands Wesley Sneijder
65%
Juventus, Italy Gianluigi Buffon
64%
Atletico Madrid, Colombia Radamel Falcao
63%
AC Milan, Italy Andrea Pirlo
57%
Real Madrid, Spain Iker Casillas
51%
No matching quizzes found
Score Distribution
Percent of People with Each Score
Percentile by Number Answered
Your Score History
You have not taken this quiz since the last reset